=LDR 00000nam 2200000 4500 =001 INLIS000000000007477 =005 20130612095454 =008 ***********************************Ind** =035 ##$$0010-061300000007477 =041 ##$$a Ind =082 ##$$a 2x4.95 =090 ##$$a 2x4.95, Sya b =100 ##$$a Syuqqah, Abu =245 ##$$a Busana dan perhiasan wanita menurut Al-Qur'an dan hadits =260 ##$$a 1995 $b Bandung =300 ##$$a 302 hlm., 22 cm =650 ##$$a Islam, Pakaian dan perhiasan wanita